000 01156nam a2200301 i 4500
003 EG-GICUC
005 20260121101222.0
008 251115s1927 ua ||||fr|||| 00| 0 ara d
040 _a EG-GICUC
_bara
_c EG-GICUC
_d EG-GICUC
_erda
041 0 _aara
082 0 4 _221
_a341.8
_bع ب . ق
092 0 4 _221
099 _aLaw1 12 341.8 ع ب . ق 1927
100 0 _aعبدالحميد ابوهيف
_eمؤلف.
245 1 2 _aالقانون الدولى الخاص في اوروبا وفي مصر /
_cعبدالحميد ابوهيف.
264 1 _aالقاهره:
_bمطبعه السعادة،
_c1927.
300 _a288 ؛صفحة
_c24 سم.
336 _2rda content
_atext
337 _2rda media
_aComputer
338 _2rda carrier
_aOnline Resource
504 _aيحتوي على اراجاعات ببليوجرافية .
546 _aالنص أغلبه باللغة العربية مع بعض النصوص الفرنسية
650 1 _aالقانون الدولى الخاص
_zاوربا
_zمصر
_2qrmak
651 1 _2qrmak
856 4 0 _uhttps://fll.law.cu.edu.eg/fulltext/bks/B12-01108.pdf
905 _a75
_eYara
942 _2ddc
_n0
_cBK
_e21
999 _c43297
_d43297